000 014730000a22002170004500
020 _a0-87808-277-8 : Donación
041 0 _aEng.
082 0 4 _aG 266 T2381t
245 1 0 _aToo valuable to lose : exploring the causes and cures of missionary attrition / editado por William D. Taylor
260 _aPasadena, California : William Carey Library
300 _a380 p.
440 0 _aGlobalization of Mission Series
505 0 0 _aLas ponencias que hacen la fundación (EU, Guatemala, Australia) -- el análisis de la investigación (EU, Argentina, Reino Unido, Alemania) -- estudios nacionales (Corea, EU, Brasil, Reino Unido, Ghana) -- el proceso de elegir (Brasil, EU) -- capacitación ante-campo formal y no-formal (Brasil, Australia) -- la investigación de antecedentes y la orientación de las agencias misiones (Ghana, EU) -- la capacitación y la supervisión en el campo (Corea, EU, Filipinas) -- el cuidado pastoral del misionero (Singapur, EU, Reino Unido) -- observaciones y resultados finales (EU) -- instrumento para encuestar
520 _aEl libro es una recompilación de una taller y las ponencias de misioneros de muchos paises, todos con el enfoque de los problemas que causan que misioneros abandonen sus ministerios, y consejos para disminuirlo en el futuro.
650 1 4 _aMISIONES \ MISIONEROS
001 17224
942 _cBK
999 _c43888
_d43888
336 _atexto
_btxt
_2rdacontent
337 _2rdamedia
_asin mediación
_bn
338 _2rdacarrier
_avolumen
_bnc